[Event "Let's Play Chess!"]
[Site "http://www.queenalice.com/game.php?id=1621547"]
[Date "2020.7.25"]
[Round "-"]
[White "Alisa"]
[Black "Rexy"]
[Result "1-0"]
[WhiteElo "2717"]
[BlackElo "1443"]

1. e4 e6 2. d4 d5 3. Nc3 Bb4 4. e5 c5 5. a3 Bxc3+ 6. bxc3 Qa5 7. Bd2 Qa4 8. Qg4
g6 9. Nf3 Nc6 10. Be2 c4 11. Ra2 Bd7 12. Qh4 h6 13. O-O Nce7 14. Ng5 Nf5 15. Qh3
Nge7 16. g4 Ng7 17. Qh4 Qa5 18. Nxf7 Kxf7 19. Qf6+ 1-0

[Event "Let's Play Chess!"]
[Site "http://www.queenalice.com/game.php?id=1621548"]
[Date "2020.7.25"]
[Round "-"]
[White "Rexy"]
[Black "Alisa"]
[Result "0-1"]
[WhiteElo "1443"]
[BlackElo "2719"]

1. d4 Nf6 2. c4 g6 3. Nc3 Bg7 4. e4 d6 5. Nf3 O-O 6. Be2 e5 7. O-O Nc6 8. d5 Ne7
9. b4 Ne8 10. c5 f5 11. Nd2 Nf6 12. f3 f4 13. Nc4 g5 14. a4 Ng6 15. Ba3 Rf7 16.
b5 dxc5 17. Bxc5 h5 18. a5 g4 19. Bf2 Bf8 20. Kh1 g3 21. hxg3 fxg3 22. Bxg3 h4
23. Bxe5 Nh5 24. f4 Ng3+ 25. Kh2 Nxf1+ 0-1

[Event "Let's Play Chess!"]
[Site "http://www.queenalice.com/game.php?id=1621549"]
[Date "2020.7.25"]
[Round "-"]
[White "Alisa"]
[Black "Rexy"]
[Result "1-0"]
[WhiteElo "2716"]
[BlackElo "1443"]

1. e4 c5 2. Nf3 d6 3. d4 cxd4 4. Nxd4 Nf6 5. Nc3 a6 6. f3 e6 7. Be3 b5 8. Qd2
Nbd7 9. a3 Bb7 10. g4 h6 11. O-O-O Ne5 12. Rg1 Rc8 13. h4 Nfd7 14. g5 hxg5 15.
hxg5 g6 16. f4 Nc5 17. fxe5 1-0

[Event "AUTO-ELITE-2074"]
[Site "http://www.queenalice.com/game.php?id=1628283"]
[Date "2020.9.27"]
[Round "2"]
[White "Alisa"]
[Black "Sexxy_Bunny"]
[Result "1/2-1/2"]
[WhiteElo "2727"]
[BlackElo "2789"]

1. e4 c5 2. Nf3 d6 3. d4 cxd4 4. Nxd4 Nf6 5. Nc3 a6 6. f3 e5 7. Nb3 Be6 8. Be3
Nbd7 9. g4 Nb6 10. g5 Nh5 11. Qd2 Be7 12. O-O-O O-O 13. Rg1 Rc8 14. Kb1 g6 15.
Qf2 Nc4 16. Bxc4 Bxc4 17. Na4 Be6 18. Nb6 Rc7 19. Nd5 Bxd5 20. Rxd5 Qe8 21. Rd3
b5 22. h4 Qd7 23. a3 f5 24. gxf6 Nxf6 25. Rg2 Rf7 26. Qd2 Qh3 27. Bg5 Nh5 28.
Rg1 Nf4 29. Bxe7 Rfxe7 30. Rxd6 Qxf3 31. Re1 Kg7 32. Rxa6 Qg3 33. Rd1 Qxh4 34.
Qd8 Qf2 35. Ra8 Kh6 36. Rh1+ Kg5 37. Rc1 Kg4 38. Qd1+ Kg5 39. Qd8 Kg4 40. Qd1+
Kg5 41. Qd6 Rcd7 42. Qb4 h5 43. Rf8 Qe2 44. Qc5 Rc7 45. Qd6 Qxe4 46. Nc5 Qc6 47.
Rg1+ Kh6 48. Rh8+ Rh7 49. Qf8+ Rg7 50. Rg8 Qc7 51. Ne4 Qa7 52. Rxg7 Qxg1+ 53.
Ka2 Rxg7 54. Qh8+ Rh7 55. Qf8+ Rg7 56. Qh8+ Rh7 57. Qf8+ Rg7 1/2-1/2

[Event "AUTO-ELITE-2074"]
[Site "http://www.queenalice.com/game.php?id=1628284"]
[Date "2020.9.27"]
[Round "2"]
[White "Sexxy_Bunny"]
[Black "Alisa"]
[Result "0-1"]
[WhiteElo "2774"]
[BlackElo "2732"]

1. e4 c6 2. d4 d5 3. e5 Bf5 4. Nf3 e6 5. Be2 Nd7 6. O-O h6 7. Nbd2 Ne7 8. Nb3 g5
9. Ne1 Qc7 10. Nd3 Ng6 11. Be3 O-O-O 12. Bg4 Be4 13. f3 Bxd3 14. Qxd3 Kb8 15.
Nc1 c5 16. c3 Ngxe5 17. dxe5 Nxe5 18. Qe2 d4 19. cxd4 cxd4 20. Bf2 h5 21. Bh3 g4
22. Bg3 Bd6 23. fxg4 hxg4 24. Bxg4 f5 25. Bh5 Rdg8 26. Bf4 Nc4 27. Qxc4 Qxc4 28.
Bxd6+ Ka8 29. Bf3 Qb5 30. a4 Qb6 31. Be5 d3+ 32. Kh1 d2 33. Ne2 Rh7 34. Rad1 Qc5
35. Bc3 e5 36. Nf4 e4 37. Be2 e3 38. Rf3 a5 39. Rdf1 Re8 40. h3 Rf7 41. Nd3 Qc7
42. Nf4 Re4 43. g3 b6 44. Ng2 Qe7 45. Kh2 Ka7 46. Rd1 Qe6 47. h4 Rd7 48. Ra1 Rd8
49. Rd1 Rg8 50. Rg1 Qg6 51. Nf4 Qc6 52. Ng2 Qxa4 53. Rxf5 Rd8 54. Rff1 Qc2 55.
Rf7+ Kb8 56. Rff1 a4 57. h5 Rd7 58. Bf6 Ka7 59. Bh8 b5 60. Bf6 Rh7 61. g4 d1=Q
0-1

[Event "AUTO-ELITE-2074"]
[Site "http://www.queenalice.com/game.php?id=1628285"]
[Date "2020.9.27"]
[Round "2"]
[White "Alisa"]
[Black "Matt24"]
[Result "1-0"]
[WhiteElo "2754"]
[BlackElo "2660"]

1. e4 e5 2. Nf3 Nc6 3. Bc4 Bc5 4. O-O Nf6 5. d3 d6 6. c3 a5 7. Re1 O-O 8. Nbd2
Be6 9. Bb5 Ne7 10. d4 Ba7 11. h3 Ng6 12. Ba4 c6 13. Bc2 b5 14. a4 b4 15. Nf1
bxc3 16. bxc3 Qc7 17. Ng3 h6 18. Be3 Rab8 19. Qc1 Rfe8 20. Bd3 d5 21. exd5 exd4
22. cxd4 Nxd5 23. Bd2 Ndf4 24. Be4 Bd5 25. Bxd5 Nxd5 26. Qc4 Bb6 27. Ne4 Re7 28.
Nc5 Rbe8 29. Rxe7 Rxe7 30. g3 h5 31. Qa6 Qd8 32. h4 Ra7 33. Qc4 Qf6 34. Ng5 Re7
35. Re1 Qf5 36. Rxe7 Ngxe7 37. Qe2 f6 38. Nge4 Qg6 39. Nc3 Qg4 40. Nb3 Qxe2 41.
Nxe2 Nb4 42. Nf4 g6 43. Bxb4 axb4 44. a5 Ba7 45. Kf1 Kf7 46. Ke2 Nd5 47. Ng2
Nc3+ 48. Kd3 1-0

[Event "AUTO-ELITE-2074"]
[Site "http://www.queenalice.com/game.php?id=1628286"]
[Date "2020.9.27"]
[Round "2"]
[White "Matt24"]
[Black "Alisa"]
[Result "0-1"]
[WhiteElo "2662"]
[BlackElo "2742"]

1. Nf3 d5 2. g3 Nf6 3. Bg2 c6 4. O-O Bf5 5. d3 e6 6. Nbd2 h6 7. b3 Bc5 8. Bb2
O-O 9. Qe1 a5 10. e4 Bh7 11. a3 Nbd7 12. Qe2 Be7 13. a4 Qb6 14. Rfd1 Rad8 15. e5
Ne8 16. Nf1 c5 17. Ne3 Nb8 18. d4 Nc6 19. Rac1 Nc7 20. dxc5 Bxc5 21. Rd2 Na6 22.
h3 Rc8 23. Rcd1 Rfd8 24. h4 Bb4 25. Qb5 Qa7 26. c3 Bc5 27. Re1 Nc7 28. Qe2 Qb6
29. Qd1 Na6 30. Ree2 Bg6 31. Kh2 Bh5 32. Kh3 Ra8 33. Bh1 Rab8 34. Bg2 Rbc8 35.
Bh1 Qc7 36. g4 Bg6 37. c4 Bxe3 38. Rxe3 dxc4 39. bxc4 Rxd2 40. Nxd2 Nc5 41. Bc3
Nb4 42. Ne4 Nbd3 0-1

[Event "Alisa"]
[Site "http://www.queenalice.com/game.php?id=1628942"]
[Date "2020.10.4"]
[Round "1"]
[White "Rexy"]
[Black "Alisa"]
[Result "0-1"]
[WhiteElo "2012"]
[BlackElo "2719"]

1. e4 c5 2. Nf3 d6 3. d4 cxd4 4. Nxd4 Nf6 5. Nc3 a6 6. Bg5 Nbd7 7. f4 Qc7 8. Qf3
e6 9. O-O-O b5 10. Bd3 Bb7 11. Rhe1 Be7 12. Nd5 exd5 13. Nf5 Kf8 14. exd5 Bd8
15. Qg3 Rg8 16. Nxg7 Rxg7 17. Bh6 Nh5 18. Qe3 Kg8 19. g4 Nhf6 20. g5 Nxd5 21.
Qh3 Nxf4 22. Re8+ Nf8 23. Rxf8+ Kxf8 24. Bxg7+ Ke8 25. Re1+ Ne6 26. Qh5 Kd7 27.
Qxf7+ Kc6 28. Qxc7+ Nxc7 29. h4 Bc8 30. Bxh7 Be6 31. Bd4 Be7 32. Rg1 Nd5 33. Be4
Rf8 34. Be3 Rh8 35. Rh1 Kd7 36. Bd2 Rf8 37. b3 Nf4 38. Bf3 d5 39. Kb1 Nd3 40.
Bg2 Rf2 41. Bf1 Nf4 0-1

[Event "AUTO-OPEN-4226"]
[Site "http://www.queenalice.com/game.php?id=1632179"]
[Date "2020.11.7"]
[Round "1"]
[White "Alisa"]
[Black "CERVERO"]
[Result "1-0"]
[WhiteElo "2721"]
[BlackElo "1871"]

1. e4 c5 2. Nf3 d6 3. d4 cxd4 4. Nxd4 Nc6 5. Nc3 Nf6 6. Bg5 e6 7. Qd2 Be7 8.
O-O-O a6 9. Bxf6 Bxf6 10. Nxc6 bxc6 11. Qxd6 Qxd6 12. Rxd6 Bb7 13. Na4 O-O 14.
Nc5 Rab8 15. Bc4 Ba8 16. b3 Bd4 17. Rxd4 e5 18. Rd7 Rbd8 19. Bxf7+ Kh8 20. Rhd1
Rxd7 21. Rxd7 h6 22. Nxa6 1-0

[Event "AUTO-OPEN-4226"]
[Site "http://www.queenalice.com/game.php?id=1632204"]
[Date "2020.11.7"]
[Round "1"]
[White "Profnabor"]
[Black "Alisa"]
[Result "0-1"]
[WhiteElo "2127"]
[BlackElo "2725"]

1. e4 c5 2. Nf3 d6 3. b4 cxb4 4. d4 Nf6 5. Bd3 g6 6. O-O Bg7 7. Be3 Nc6 8. a3
O-O 9. axb4 Nxb4 10. c3 Nxd3 11. Qxd3 b5 12. Rc1 a5 13. Nbd2 Ba6 14. Qc2 e6 15.
Qb2 Qc7 16. e5 dxe5 17. Nxe5 Rfb8 18. Bf4 Nh5 19. Be3 a4 20. Re1 Nf6 21. Ndf3
Nd5 22. Bd2 Rb6 23. Nd3 Bf8 24. Ng5 b4 25. Nxb4 Bb7 26. Nxd5 Bxd5 27. Qc2 a3 28.
Ne4 Be7 29. Nc5 Qc6 30. Bc1 Bxg2 31. Ra2 e5 32. Ne4 Bh3 33. dxe5 Rb5 34. Bf4 Bf5
35. f3 Rab8 36. e6 Bxe6 37. Bxb8 Bxa2 38. Qxa2 Rb2 39. Qa1 Qb6+ 40. Kh1 Qxb8 41.
Ng3 Qf4 0-1

[Event "AUTO-OPEN-4226"]
[Site "http://www.queenalice.com/game.php?id=1632205"]
[Date "2020.11.7"]
[Round "1"]
[White "Alisa"]
[Black "Profnabor"]
[Result "1-0"]
[WhiteElo "2726"]
[BlackElo "2144"]

1. e4 e5 2. Nf3 Nc6 3. Bc4 d6 4. O-O Be6 5. Bxe6 fxe6 6. c3 Nf6 7. Re1 Be7 8. d4
exd4 9. cxd4 O-O 10. Nc3 d5 11. Ng5 Qd7 12. Nxe6 Qxe6 13. exd5 Qf7 14. dxc6 bxc6
15. Bf4 Nd5 16. Bg3 Nxc3 17. bxc3 Bd6 18. h3 c5 19. Qc2 cxd4 20. cxd4 Bxg3 21.
fxg3 Rad8 22. Rac1 Qd5 23. Kh2 Qxd4 24. Red1 Qe5 25. Qc4+ Kh8 26. Rxd8 Rxd8 27.
Qxc7 Qxc7 28. Rxc7 Ra8 29. g4 Kg8 30. a4 a5 31. Kg3 Ra6 32. Kf3 Kf8 33. Rc5 Kf7
34. Ke4 Ke6 35. Rc7 Kf6 36. Kd5 Ra8 37. Kc6 h6 38. Kb6 g6 39. Rc6+ Kg5 40. g3
Rb8+ 41. Kxa5 Rb3 42. Ka6 Rxg3 43. h4+ Kxh4 44. Rxg6 Ra3 45. a5 h5 46. gxh5 Kxh5
47. Rb6 Kg5 48. Rb5+ 1-0

[Event "AUTO-OPEN-4226"]
[Site "http://www.queenalice.com/game.php?id=1632220"]
[Date "2020.11.7"]
[Round "1"]
[White "maurice91"]
[Black "Alisa"]
[Result "0-1"]
[WhiteElo "1677"]
[BlackElo "2723"]

1. d4 Nf6 2. Nf3 d5 3. Bf4 c5 4. e3 Nc6 5. c3 Qb6 6. Qc1 Bf5 7. Be2 e6 8. b3 Rc8
9. Qd1 h6 10. Nbd2 cxd4 11. cxd4 Ba3 12. Ne5 Nxe5 13. dxe5 Bc2 14. exf6 Bxd1 15.
fxg7 Rg8 16. Bxd1 Bb2 17. Rb1 Bc3 18. Be2 Bxd2+ 0-1

[Event "AUTO-OPEN-4226"]
[Site "http://www.queenalice.com/game.php?id=1632221"]
[Date "2020.11.7"]
[Round "1"]
[White "Alisa"]
[Black "maurice91"]
[Result "1-0"]
[WhiteElo "2722"]
[BlackElo "1679"]

1. e4 c6 2. d4 d5 3. e5 Bf5 4. Nf3 e6 5. Be2 h6 6. O-O Bb4 7. a4 Ne7 8. c3 Ba5
9. Nh4 Bxb1 10. Rxb1 Nd7 11. b4 Bc7 12. Bd3 b6 13. f4 c5 14. f5 cxd4 15. fxe6 f6
16. Qh5+ g6 17. Bxg6+ Kf8 18. Bxh6+ 1-0

[Event "AUTO-ELITE-2204"]
[Site "http://www.queenalice.com/game.php?id=1637212"]
[Date "2020.12.21"]
[Round "2"]
[White "ichtus"]
[Black "Alisa"]
[Result "1/2-1/2"]
[WhiteElo "2840"]
[BlackElo "2728"]

1. Nf3 d5 2. g3 Nf6 3. Bg2 c5 4. O-O e6 5. c4 d4 6. d3 Nc6 7. e3 Bd6 8. exd4
cxd4 9. Bg5 h6 10. Bxf6 Qxf6 11. Nbd2 Qe7 12. Re1 O-O 13. a3 a5 14. Nb3 Qf6 15.
c5 Bc7 16. Rc1 e5 17. Nbd2 Bg4 18. Qa4 Qf5 19. Nh4 Qf6 20. Qb5 Rfb8 21. Qa4 Be6
22. Ne4 Qe7 23. Nf3 f6 24. Nfd2 Nd8 25. Nc4 Nf7 26. Qd1 a4 27. Nb6 Ra6 28. Nxa4
Qe8 29. b3 Ng5 30. Rb1 Nxe4 31. Bxe4 Kh8 32. Nb2 Rxa3 33. Nc4 Ra2 34. Qf3 Qb5
35. Bd5 Bxd5 1/2-1/2

[Event "AUTO-ELITE-2204"]
[Site "http://www.queenalice.com/game.php?id=1637213"]
[Date "2020.12.21"]
[Round "2"]
[White "Alisa"]
[Black "ichtus"]
[Result "1/2-1/2"]
[WhiteElo "2730"]
[BlackElo "2838"]

1. e4 c5 2. Nf3 d6 3. d4 cxd4 4. Nxd4 Nf6 5. Nc3 g6 6. Be3 Bg7 7. f3 Nc6 8. Qd2
O-O 9. Bc4 Bd7 10. O-O-O Rc8 11. Bb3 Nxd4 12. Bxd4 b5 13. Nd5 Nxd5 14. Bxg7 Kxg7
15. exd5 a5 16. a3 Kg8 17. Rhe1 Rc5 18. Re3 b4 19. axb4 axb4 20. Qxb4 Qa8 21.
Bc4 Bf5 22. Ra3 Qc8 23. b3 Qc7 24. Qd2 Rc8 25. g4 Bd7 26. Ra2 Bb5 27. Bxb5 Rxb5
28. Kb1 Qc3 29. Qxc3 Rxc3 30. f4 Rc4 31. Ra5 Rxa5 32. bxc4 h5 33. gxh5 Rc5 34.
Rd4 gxh5 35. Kb2 Kg7 36. Kc3 Kg6 1/2-1/2